Maximum entropy and Bayesian methods : Paris, France, 1992 : proceedings of the Twelfth International Workshop on Maximum and Bayesian Methods
Αποθηκεύτηκε σε:
| Συγγραφή απο Οργανισμό/Αρχή: | |
|---|---|
| Άλλοι συγγραφείς: | , |
| Μορφή: | Πρακτικό Συνεδρίου Βιβλίο |
| Γλώσσα: | English |
| Δημοσίευση: |
Dordrecht :
Kluwer Academic Publishers,
c1993.
|
| Σειρά: | Fundamental theories of physics ;
53 |
| Θέματα: | |
| Ετικέτες: |
Προσθήκη ετικέτας
Δεν υπάρχουν, Καταχωρήστε ετικέτα πρώτοι!
|
MARC
| LEADER | 00000cam a2200000 i 4500 | ||
|---|---|---|---|
| 001 | 1/50402 | ||
| 008 | 950921s1993 ne ||| | eng|| | ||
| 020 | |a 0792322800 | ||
| 035 | |a 1996 |l 10043868 | ||
| 035 | |a 1995 |c ΧΑΤΖΗΣΑΒΒΑΣ | ||
| 040 | |a GR-MyUA |b gre |e AACR2 | ||
| 041 | 0 | |a eng | |
| 082 | 0 | |a 519.54 | |
| 111 | 2 | |a International Workshop on Maximum Entropy and Bayesian Methods |n (20th : |d 1992 : |c Paris, France) | |
| 245 | 1 | 0 | |a Maximum entropy and Bayesian methods : |b Paris, France, 1992 : proceedings of the Twelfth International Workshop on Maximum and Bayesian Methods / |c edited by A.Mohammad-Djafari and G.Demoment. |
| 260 | |a Dordrecht : |b Kluwer Academic Publishers, |c c1993. | ||
| 300 | |a 446 σ. ; |c 25 εκ. | ||
| 490 | 1 | |a (Fundamental theories of physics ; |v 53) | |
| 504 | |a Περιέχει βιβλιογραφικές αναφορές και ευρετήριο. | ||
| 650 | 0 | 0 | |a Maximum entropy methods |x Congresses. |
| 650 | 0 | 0 | |a Bayesian statistical decision theory |x Congresses. |
| 650 | 0 | 0 | |a Signal processing |x Congresses. |
| 700 | 1 | |a Mohammad-Djafari, Ali, |e edt | |
| 700 | 1 | |a Demoment, G. |e edt | |
| 830 | 0 | |a Fundamental theories of physics ; |v 53 | |
| 852 | |a INST |b SAMOS |e 19950921 |h 519.54 INT |p 005300005039 |q 005300005039 |t BK |y 0 | ||
| 852 | |a INST |b SAMOS |e 19960702 |h 519.54 INT |p 005300005388 |q 005300005388 |t BK |y 0 | ||